000 00592 a2200181 4500
999 _c9323
_d9323
020 _a9780733100062
050 0 0 _aKU 964 COR 1995
100 1 _aLessing, J.P.G.
_eeditor
245 1 0 _aCorporate insolvency law :
_cJ.P.G. Lessing and J.F. Corkery
264 _aAustralia :
_bGold coast,
_c1955
300 _axxxix, 342p. ;
500 _aIncludes bibliographical references and index
504 _aIncludes bibliographical references and index
650 0 _aBankruptcy
650 0 _aBusiness failures
_xLaw and legislation
700 _aCorkery, J.F
_eeditor
942 _2lcc
_cBK
_h964
_iCOR
_kKU